Alta es la noche: Centroamérica ayer, hoy y mañana

Guardat en:
Dades bibliogràfiques
Autor principal: González-Camino, Fernando (Autor)
Format: Llibre
Idioma:espanyol
Publicat: Madrid Cultura Hispanica 1990
Matèries:
Etiquetes: Afegir etiqueta
Sense etiquetes, Sigues el primer a etiquetar aquest registre!

MARC

LEADER 00000nam a2200000 a 4500
001 UCX7897
003 CL-VaPUC
008 940112e19900000SP |||||||||||||||||spa|d
082 0 4 |a 972.8  |b GON  |2 21 
100 0 |a González-Camino, Fernando  |e author  |9 324863 
245 1 0 |a Alta es la noche: Centroamérica ayer, hoy y mañana 
300 |a 348 p 
942 |c BK 
945 |d 19940112 00:00:00  |a aalvarez 
260 |a Madrid  |b Cultura Hispanica  |c 1990 
650 7 |a POLITICA Y GOBIERNO SIGLO 20  |2 CL-VaPUC  |9 314300 
650 0 |a Historia  |9 255047 
650 0 |a Relaciones Exteriores  |9 255379 
651 0 |a América Central  |9 255026 
651 0 |a Estados Unidos  |9 255178 
583 |a last modification  |c 19940112 00:00:00  |k Rodrigo Vera 
999 |c 227573  |d 227571 
952 |0 0  |1 0  |4 0  |6 972_800000000000000_GON_1990  |7 0  |8 A  |9 226689  |a BIBHIS  |b BIBHIS  |d 2019-11-15  |i 2958368  |o 972.8 GON 1990  |p 2958368  |r 2025-01-20  |w 2019-11-15  |y BK  |k HIS